| 000 | 01027cam a22002651 4500 | ||
|---|---|---|---|
| 001 | gs 24000001 | ||
| 003 | DLC | ||
| 005 | 20260227111328.0 | ||
| 008 | 801210s1923 dcuab b f000 0 eng c | ||
| 010 | _ags 24000001 | ||
| 035 | _a(OCoLC)7021093 | ||
| 040 |
_aU.S. Geol. survey _cAzTeS _dInU _dDLC |
||
| 050 | 0 | 0 |
_aGB1025.A6 _bR6 |
| 100 | 1 |
_aRoss, Clyde P. _q(Clyde Polhemus), _d1891- |
|
| 245 | 1 | 4 |
_aThe Lower Gila Region, Arizona. _bA geographic, geologic, and hydrologic reconnaissance with a guide to desert watering places, _cby Clyde P. Ross. |
| 260 |
_aWashington, _bGovt. print. off., _c1923. |
||
| 300 |
_axiv, 237 p. _billus., pl. (part fold., incl. maps, diagrs.) tables. _c23 cm. |
||
| 490 | 0 |
_aUnited States Geological survey. Water-supply paper, _v498 |
|
| 500 | _aAt head of title: Department of the interior. | ||
| 500 | _aThree maps folded in pocket. | ||
| 504 | _aBibliographical references. | ||
| 650 | 0 |
_aGeology _zArizona. |
|
| 650 | 0 |
_aPhysical geography _zArizona. |
|
| 650 | 0 |
_aWater-supply _zArizona. |
|
| 999 |
_c26284 _d26284 |
||